000 00595 a2200205 4500
005 20250107112409.0
008 241101b |||||||| |||| 00| 0 eng d
020 _a9789813368644
080 _a629.5.062.2
_bCHE/D
100 _aChen, Ning
245 _aDevelopment and implementation of ship BWMS
260 _bSpringer
_aSingapore
_c2021
300 _aix,284p.
653 _aShips - Ballast Water Management Systems(BWMS)
653 _aBallast water treatment facilities
653 _aBallast water -- Purification
700 _aZongming Yang
700 _aWenbin Luo
942 _cBK
999 _c113699
_d113698